00529nam a2200181Ia 4500008004100000020001800041082000800059100002200067245004400089250000600133260003900139300001500178500002400193650001600217942000700233952009000240999001700330230524s9999 xx 000 0 und d a9789382332688 bKAL aR.S. Kaler942996 0aMicroprocessoprs And Microcontrollers  a2 aNew DelhibI.K.Internationalc2014 a"XV,763p;" aQuantity Number: 1 aElectronics cBK 00104070aTATCLbTATCLcGENd2023-05-24l0o KALp54236r2023-05-24w2023-05-24yBK c57945d57945